000 00703nam a2200289Ia 4500
001 Z_1261
003 CHAP
008 220113s1983 xx 000 0 und d
010 _a164349
040 _cCHAP
082 _a595.1 D8
100 _aDunn, Angus M
_934496
245 _aHelmintología veterinaria /
_cpor Angus M. Dunn
260 _aMéxico :
_bEl manual moderno,
_c1983
300 _a390 p. ; ilus.
440 _a
500 _aTrad. de: Veterinary helminthology 2 ed. de 1978
503 _aC/E
650 _aGanado
_xParásitos I.t.
_9138494
650 _aHelmintos
_953475
901 _a595.1 D8
902 _aA
910 _a1983
942 _c1
942 _cc1
999 _c164349
_d164349